| 000 | 00549nam a2200181Ia 4500 | ||
|---|---|---|---|
| 999 |
_c36613 _d36613 |
||
| 003 | OSt | ||
| 005 | 20201211132845.0 | ||
| 008 | 190216s9999||||xx |||||||||||||| ||und|| | ||
| 020 | _a0444700994 | ||
| 040 | _coclc | ||
| 082 |
_a622.1882 _bCHA/M |
||
| 100 |
_aChavent, Guy _97405 |
||
| 245 | 0 |
_aMathematical Models And Finite Elements For Reservoir Simulation / _cGuy Chavent |
|
| 260 |
_bNorth Holland, _c1986. _aNewyork: |
||
| 300 | _a365p | ||
| 650 | _aMathematics | ||
| 942 |
_cREF _2ddc _h622.1882 _iCHA/M _k622.1882 _mCHA/M |
||